NCAA Frozen Four - Statistics

General Stats
  • This quiz has been taken 967 times
    138 since last reset
  • The average score is 30 of 46
Answer Stats
Champion % Correct
Michigan
97%
Michigan St
93%
Minnesota
93%
Minnesota St
93%
Boston College
90%
Wisconsin
89%
Penn St
87%
Boston University
86%
Ohio St
84%
Harvard
82%
Maine
81%
Yale
81%
Yale
81%
Western Michigan
79%
Denver
78%
Massachusetts
78%
North Dakota
78%
Cornell
70%
Minnesota-Duluth
67%
Notre Dame
67%
New Hampshire
66%
Quinnipiac
66%
Providence
65%
Dartmouth
64%
Dartmouth
64%
Providence
64%
Vermont
63%
Brown
60%
Colorado College
59%
Lake Superior St
56%
Miami, OH
56%
St. Cloud St
56%
Bowling Green
55%
Michigan Tech
54%
Northern Michigan
53%
Union
53%
Rensselaer
50%
Colgate
47%
RIT
46%
Nebraska-Omaha
45%
Northeastern
44%
Massachusetts-Lowell
40%
Bemidji St
39%
Ferris St.
39%
St. Lawrence
38%
Clarkson
37%
No matching quizzes found
Score Distribution
Percent of People with Each Score
Percentile by Number Answered
Your Score History
You have not taken this quiz since the last reset